| 000 | 00996nam1a22002411 4500 | ||
|---|---|---|---|
| 001 | rc\840500 | ||
| 005 | 20041129092231.5 | ||
| 035 | _a(NLR Aleph) 006238417 | ||
| 090 |
_a6644210 _c6644210 |
||
| 100 | _a20041129d1983 u |0rusy50 ca | ||
| 101 | 0 | _arus | |
| 102 | _aRU | ||
| 105 | _ay ||||||||| | ||
| 200 | 1 |
_aМетодические материалы по теме "Математические методы в биологии" _eДля студентов хим.-биол. фак. _fМ-во высш. и сред. спец. образования РСФСР, Калин. гос. ун-т, Каф. общ. математики _g[Сост. Зоммер Т.Р.] |
|
| 210 |
_aКалинин _cБ. и. _d1983 |
||
| 215 | _d21 | ||
| 702 | 1 |
_aЗоммер _bТ. Р. _4220 |
|
| 712 | 0 | 2 |
_aТверской ун-т _bКафедра общей математики _3RU\NLR\AUTH\889946821 |
| 801 | 0 |
_aRU _bNLR _gpsbo |
|
| 801 | 1 |
_aRU _bELAR _2rusmarc |
|
| 852 |
_aNLR _j83-4/23839 |
||
| 942 | _cBOOK | ||
| 980 | _aNB | ||